[Event "22. Torneo Int. Collado Villalba"]
[Site "Collado Villalba ESP"]
[Date "2005.08.26"]
[Round "7.6"]
[White "Perez Gonzalez, Jose Manuel"]
[Black "Minzer, Claudio Javier"]
[Result "1/2-1/2"]
[WhiteElo "2278"]
[BlackElo "2428"]
[PlyCount "77"]
[EventDate "2005.08.20"]
[EventType "swiss"]
[EventRounds "9"]
[EventCountry "ESP"]
[Source "lmi"]
[SourceDate "2005.08.27"]

1. e4 c5 2. Nf3 Nc6 3. d4 cxd4 4. Nxd4 g6 5. Nc3 Bg7 6. Be3 Nf6 7. Bc4 Qa5 8.
O-O O-O 9. Nb3 Qc7 10. Bg5 a6 11. Be2 e6 12. Qd2 b5 13. a3 Bb7 14. Rad1 Ne5 15.
Qf4 Nxe4 16. Nxe4 f6 17. Bxf6 Bxe4 18. Qxe5 Qxe5 19. Bxe5 Bxe5 20. Nc5 Bc6 21.
Nxd7 Bxd7 22. Rxd7 Bxb2 23. c4 bxc4 24. Bxc4 Bxa3 25. Rb1 Rab8 26. Rxb8 Rxb8
27. Bxa6 Bc5 28. Bb7 Rf8 29. Rd2 e5 30. g3 Kg7 31. Be4 Rf7 32. Kg2 Bd4 33. f4
Be3 34. Rb2 exf4 35. Rb7 Rxb7 36. Bxb7 Kf6 37. gxf4 Bxf4 38. h3 Kg5 39. Be4
1/2-1/2

[Event "22. Torneo Int. Collado Villalba"]
[Site "Collado Villalba ESP"]
[Date "2005.08.26"]
[Round "7.12"]
[White "Pastor Alonso De Prado, Alberto"]
[Black "Bruned, Yvain"]
[Result "0-1"]
[WhiteElo "2206"]
[BlackElo "2328"]
[PlyCount "87"]
[EventDate "2005.08.20"]
[EventType "swiss"]
[EventRounds "9"]
[EventCountry "ESP"]
[Source "lmi"]
[SourceDate "2005.08.27"]

1. d4 Nf6 2. Nf3 e6 3. Bg5 h6 4. Bh4 d6 5. Bxf6 Qxf6 6. Nc3 Nd7 7. e4 a6 8. Qe2
Qd8 9. O-O-O b5 10. g3 c5 11. Bh3 b4 12. Na4 Qa5 13. b3 cxd4 14. Nxd4 Nc5 15.
Nxc5 Qxc5 16. Rhe1 Be7 17. f4 O-O 18. e5 dxe5 19. Qxe5 Qxe5 20. Rxe5 Bb7 21.
Ne2 Rfd8 22. c4 bxc3 23. Rxd8+ Rxd8 24. Nxc3 Rc8 25. Kd2 Bb4 26. Re3 g6 27. Bf1
a5 28. Bc4 Bd5 29. Kd3 Bc6 30. Kc2 Kg7 31. Re5 a4 32. Nb5 Be8 33. Nd4 Rd8 34.
Rxe6 Bc5 35. Nc6 Rc8 36. Rxe8 axb3+ 37. axb3 Rxe8 38. b4 Bg1 39. h3 Re3 40. g4
Rxh3 41. Nd8 Rf3 42. Bxf7 Bb6 43. Bd5 Rf2+ 44. Kd3 0-1

[Event "22. Torneo Int. Collado Villalba"]
[Site "Collado Villalba ESP"]
[Date "2005.08.26"]
[Round "7.28"]
[White "Perez de Villar Muñoz, Eusebio"]
[Black "Gordillo Lopez, Manuel"]
[Result "0-1"]
[WhiteElo "2014"]
[BlackElo "2113"]
[PlyCount "46"]
[EventDate "2005.08.20"]
[EventType "swiss"]
[EventRounds "9"]
[EventCountry "ESP"]
[Source "lmi"]
[SourceDate "2005.08.27"]

1. e4 e6 2. d4 d5 3. Nd2 Nf6 4. e5 Nfd7 5. Bd3 c5 6. c3 Nc6 7. Ne2 cxd4 8. cxd4
f6 9. Nf4 Nxd4 10. Qh5+ Ke7 11. exf6+ Nxf6 12. Qh4 Kf7 13. Ng6 hxg6 14. Qxh8 e5
15. f3 Qb6 16. Qh4 Bd7 17. Qg5 Bf5 18. Bxf5 gxf5 19. Kd1 Qc7 20. h4 f4 21. h5
Qc2+ 22. Ke1 Ke6 23. Kf1 Qd1+ 0-1

[Event "22. Torneo Int. Collado Villalba B"]
[Site "Collado Villalba ESP"]
[Date "2005.08.22"]
[Round "3.1"]
[White "Saez Gabikagogeaskoa, Oscar"]
[Black "Rodriguez del Pino, Daniel"]
[Result "1/2-1/2"]
[WhiteElo "1991"]
[BlackElo "1919"]
[PlyCount "50"]
[EventDate "2005.08.20"]
[EventType "swiss"]
[EventRounds "9"]
[EventCountry "ESP"]
[Source "lmi"]
[SourceDate "2005.08.27"]

1. e4 c5 2. Nf3 d6 3. d4 cxd4 4. Nxd4 Nf6 5. Nc3 a6 6. Be3 e6 7. g4 Qc7 8. g5
Nfd7 9. Qd2 Nc6 10. O-O-O b5 11. Nxc6 Qxc6 12. Rg1 Bb7 13. Rg3 b4 14. Ne2 Qa4
15. Kb1 Bxe4 16. Rg4 b3 17. axb3 Bxc2+ 18. Qxc2 Qxg4 19. Nd4 d5 20. f3 Qh5 21.
Qc6 Rb8 22. Bf4 e5 23. Bxe5 Qg6+ 24. Qxg6 hxg6 25. Bxb8 Nxb8 1/2-1/2

[Event "22. Torneo Int. Collado Villalba B"]
[Site "Collado Villalba ESP"]
[Date "2005.08.24"]
[Round "5.2"]
[White "Redondo Garcia, Jose Luis"]
[Black "Saez Gabikagogeaskoa, Oscar"]
[Result "0-1"]
[WhiteElo "1970"]
[BlackElo "1991"]
[PlyCount "94"]
[EventDate "2005.08.20"]
[EventType "swiss"]
[EventRounds "9"]
[EventCountry "ESP"]
[Source "lmi"]
[SourceDate "2005.08.27"]

1. c4 g6 2. e3 Bg7 3. d4 c5 4. Nc3 Nf6 5. d5 e6 6. e4 exd5 7. cxd5 d6 8. Bb5+
Bd7 9. Bxd7+ Nbxd7 10. Bf4 O-O 11. f3 Qb6 12. Qb3 Qxb3 13. axb3 Ne8 14. Nge2 f5
15. exf5 Rxf5 16. Bg3 Ne5 17. O-O Nd3 18. Rab1 Nb4 19. Rfd1 g5 20. h3 a6 21.
Bh2 Rd8 22. Ng3 Rf7 23. Nh5 Bd4+ 24. Kf1 Nc7 25. Ne2 Ncxd5 26. Rxd4 cxd4 27.
Nxd4 Ne3+ 28. Kf2 Re7 29. Ng3 Nd3+ 30. Kg1 d5 31. Nge2 Nf5 32. Kf1 Nxd4 33.
Nxd4 Rde8 34. Bg3 h5 35. h4 g4 36. Nf5 Re2 37. fxg4 Rxb2 38. Rxb2 Nxb2 39. Nh6+
Kh7 40. g5 Re3 41. Bf2 Rxb3 42. Bd4 Nc4 43. g4 Rd3 44. Bf6 hxg4 45. Nxg4 Ne3+
46. Ke2 Nxg4 47. Kxd3 Nxf6 0-1